000 00417nam a22001337a 4500
003 SGT
082 _a615
_bR10M
100 _aMINISTRY OF HEALTH & FAMILY WELFARE
245 _aREPORTED MEDICAL PRACTICES ON PREVENTION MANAGEMENT OF VACTOR BRONE AND INFECTIOUS DISEASES THROUGH AYURVEDA AND SIDDHA
260 _aDELHI
_bMINISTRY OF HEALTH & FAMILY WELFARE
_c2010
300 _a218
650 _aAYURVEDA
942 _2ddc
_cBK
999 _c8642
_d8642